Fiber optics technician's manual(E-BOOK) (Record no. 192302)
[ view plain ]
| 000 -LEADER | |
|---|---|
| fixed length control field | 01409 a2200241 4500 |
| 003 - CONTROL NUMBER IDENTIFIER | |
| control field | Nust |
| 005 - DATE AND TIME OF LATEST TRANSACTION | |
| control field | 20170207154034.0 |
| 010 ## - LIBRARY OF CONGRESS CONTROL NUMBER | |
| LC control number | 00025836 |
| 020 ## - INTERNATIONAL STANDARD BOOK NUMBER | |
| International Standard Book Number | 076681825X (core test : pbk. : alk. paper) |
| 020 ## - INTERNATIONAL STANDARD BOOK NUMBER | |
| International Standard Book Number | 0766818268 (IG : pbk. : alk. paper) |
| 040 ## - CATALOGING SOURCE | |
| Transcribing agency | Nust |
| 082 00 - DEWEY DECIMAL CLASSIFICATION NUMBER | |
| Classification number | 621.36/92 |
| 100 1# - MAIN ENTRY--PERSONAL NAME | |
| Personal name | Hayes, Jim, |
| 245 10 - TITLE STATEMENT | |
| Title | Fiber optics technician's manual(E-BOOK) |
| Statement of responsibility, etc. | Jim Hayes and the instructors of Fiber U. |
| 250 ## - EDITION STATEMENT | |
| Edition statement | 2nd ed. |
| 260 ## - PUBLICATION, DISTRIBUTION, ETC. | |
| Place of publication, distribution, etc. | Australia ; |
| -- | Albany : |
| Name of publisher, distributor, etc. | Delmar Publishers, |
| Date of publication, distribution, etc. | c2001. |
| 300 ## - PHYSICAL DESCRIPTION | |
| Extent | xiii, 242 p. : |
| Other physical details | ill. ; |
| Dimensions | 24 cm. |
| 505 ## - FORMATTED CONTENTS NOTE | |
| Formatted contents note | The Origins of Fiber Optic Communications (Page-1) Basics of Fiber Optics (Page-13) Fiber Optic Networks (Page-31)Optical Fiber Cables (Page-41) Specifying Fiber Optic Cable (Page-57) Fiber Optic Connectors, Splices, and Tools (Page-73) Fiber Optic Hardware (Page-89) Getting Started in Fiber Optics (Page-99) Guidelines for Fiber Optic Design and Installation (Page-105) Cable Plant Link Loss Budget Analysis (Page-111) Fiber Optic Installation Safety (Page-115) Planning the Installation (Page-119) Fiber Optic Cable Plant Documentation (Page-125) Estimating and Bidding Fiber Optic Installation (Page-131) Fiber Optic Cable Pulling (Page-143) Fiber Optic Restoration (Page-153) Fiber Optic Testing (Page-165) |
| 650 #0 - SUBJECT ADDED ENTRY--TOPICAL TERM | |
| Topical term or geographic name entry element | Fiber optics |
| 650 #0 - SUBJECT ADDED ENTRY--TOPICAL TERM | |
| Topical term or geographic name entry element | Optical communications |
| 650 #0 - SUBJECT ADDED ENTRY--TOPICAL TERM | |
| Topical term or geographic name entry element | Telecommunication cables |
| 651 ## - SUBJECT ADDED ENTRY--GEOGRAPHIC NAME | |
| Geographic name | E-BOOK |
| 942 ## - ADDED ENTRY ELEMENTS (KOHA) | |
| Source of classification or shelving scheme | |
| Koha item type | Book |
| Withdrawn status | Lost status | Source of classification or shelving scheme | Damaged status | Not for loan | Collection code | Permanent Location | Current Location | Date acquired | Total Checkouts | Full call number | Barcode | Date last seen | Price effective from | Koha item type |
|---|---|---|---|---|---|---|---|---|---|---|---|---|---|---|
| Military College of Signals (MCS) | Military College of Signals (MCS) | 12/12/2016 | 621.36/92 HAY | MCSEB-1307 | 12/08/2016 | 12/12/2016 | Book |
